000 00574nam a2200193Ia 4500
005 20250508162951.0
008 008 250505s9999 xx 000 0 hin d
037 _aBooks to be hide in OPAC
040 _aFEDL
_beng
_cFEDL
041 _ahin
_2hin
084 _a510, NCE/O
_qFEDL
100 _aKothari Laxshman
_9774535
245 0 _aGanit manoranjan
260 _aNew Delhi, India
_bNational Council of Educational Research and Training
_c1964
300 _a100p.
700 _a Omprakash
_9774536
942 _cHB
_h510, NCE/O
999 _c1379693
_d1379693